Countries of Asia by land area with a map (Whammies) - Statistics

General Stats
  • This quiz has been taken 13 times
  • The average score is 40 of 48
Answers on the Map
Answers color-coded by a green-red scale on the quiz's map according to % correct below.
 
Answer Stats
Km2 First letter
of country
Answer % Correct
786 B Bahrain
100%
38,394 B Bhutan
100%
5,765 B Brunei
100%
9,521 C Cyprus
100%
14,919 E/T East Timor
100%
69,700 G Georgia
100%
22,070 I Israel
100%
17,818 K Kuwait
100%
10,452 L Lebanon
100%
298 M Maldives
100%
11,586 Q Qatar
100%
728 S Singapore
100%
65,610 S/L Sri Lanka
100%
36,193 T Taiwan
100%
83,600 U/A/E United Arab Emirates
100%
29,743 A Armenia
90%
148,460 B Bangladesh
90%
181,035 C Cambodia
90%
89,342 J Jordan
90%
199,951 K Kyrgyzstan
90%
236,800 L Laos
90%
147,516 N Nepal
90%
120,540 N/K North Korea
90%
309,500 O Oman
90%
100,210 S/K South Korea
90%
143,100 T Tajikistan
90%
86,600 A Azerbaijan
80%
377,976 J Japan
80%
185,180 S Syria
80%
331,212 V Vietnam
80%
652,867 A Afghanistan
70%
438,317 I Iraq
70%
330,803 M Malaysia
70%
342,353 P Philippines
70%
513,120 T Thailand
70%
488,100 T Turkmenistan
70%
447,400 U Uzbekistan
70%
527,970 Y Yemen
70%
9,596,961 C China
60%
3,287,263 I India
60%
1,904,569 I Indonesia
60%
1,648,195 I Iran
60%
2,724,900 K Kazakhstan
60%
1,564,110 M Mongolia
60%
676,578 M Myanmar
60%
881,913 P Pakistan
60%
2,149,690 S/A Saudi Arabia
60%
759,562 T Turkey
60%
No matching quizzes found
Score Distribution
Percent of People with Each Score
Percentile by Number Answered
Your Score History
You have not taken this quiz